| 000 | 00889cam a2200253 a 4500 | ||
|---|---|---|---|
| 001 | 000006002 | ||
| 005 | 20200929151859.0 | ||
| 008 | 750116s1970 sp 001 p spa | ||
| 040 |
_aDO-SdBNP _cMoSW _dBNPHU |
||
| 042 | _apremarc | ||
| 082 |
_a861.3 _bR466c |
||
| 100 | 1 |
_aReynosa, Rodrigo de. _916905 |
|
| 245 | 1 | 0 |
_aCoplas/ : _bRodrigo de Reynosa ; introducción, selección y notas, Ma. Inés Chamorro Fernández. |
| 260 |
_aMadrid : _bTaurus, _c1970. |
||
| 300 |
_a143 p. ; _c18 cm. |
||
| 490 | 1 |
_aTemas de España _v89 |
|
| 500 | _aA la cabeza del título: Rodrigo de Reynosa. | ||
| 504 | _aBibliografías: p.15-18. | ||
| 650 | 4 |
_aPoesía española _ySIGLO XVI _915933 |
|
| 650 | 4 |
_aLiteratura española _ySIGLO XVI _98688 |
|
| 700 | 1 |
_aChamorro Fernández, Ma. Ines _q(María Inés), _eed. _916906 |
|
| 830 | 0 |
_aTemas de España ; _v89 _96849 |
|
| 910 | _aCatalogación derivada / LC | ||
| 999 |
_c5798 _d5798 |
||